Normal view
MARC view
- Chaudary, Kainat Nawaz
Entry Personal Name
001 - CONTROL NUMBER
- control field: 122618
003 - CONTROL NUMBER IDENTIFIER
- control field: NUST
005 - DATE AND TIME OF LATEST TRANSACTION
- control field: 20240513161129.0
008 - FIXED-LENGTH DATA ELEMENTS
- fixed length control field: 240513|| aca||aabn | a|a d
040 ## - CATALOGING SOURCE
- Original cataloging agency: NUST
- Transcribing agency: NUST
100 ## - HEADING--PERSONAL NAME
- Personal name: Chaudary, Kainat Nawaz
670 ## - SOURCE DATA FOUND
- Source citation: Work cat.: (NUST): Chaudary, Kainat Nawaz , An Investigation of Strength of Adhesives & Single Lap Adhesive Joints at Various Temperatures and Filler Concentrations /
